Allgemeinwissen-Quiz #79 - Statistiken

Allgemein
  • Dieses Quiz wurde 46 mal gespielt
  • Das Durchschnittsergebnis liegt bei 10 aus 20
Antwortstatistiken
Frage Antwort % Korrekt
Welche Schriftart zeigt Griechisch?
95%
Welches Tier schläft nie wirklich tief, immer nur eine Gehirnhälfte? Delfin
84%
Was ist die Hauptstadt von Neuseeland? Wellington
84%
Welches dieser Länder liegt nicht unmittelbar an der Strasse von Hormus? Jordanien
75%
In welcher Sportart kommt das Vergehen "High-Sticking" vor? Eishockey
70%
Was misst die Mohs-Skala? Härte von Mineralien
68%
Welches Land gewann die Fussball-Europameisterschaft 2024? Spanien
64%
In welcher Stadt steht das Original von Michelangelos David? Florenz
61%
Von welcher Band stammt der Song "A Sky Full of Stars"? Coldplay
57%
Auf welchem Bild ist ein "Bishop" zu sehen? (englische Bezeichnung)
50%
Wie hiess der letzte Zar Russlands? Nikolaus II.
50%
Wie hiess das Maskottchen der Artemis-2-Mondmission? Rise
41%
Wie heisst das Werk, in dem Dante durch Hölle, Fegefeuer und Paradies reist? Göttliche Komödie
39%
Welches Buch ist NICHT von Dostojewski? Die Rättin
34%
Welcher dieser Clowns kommt in einem James-Bond-Film vor?
27%
Wie viele Grand Slams gewann Roger Federer? 20
23%
Wie viele Knochen und Gelenke hat der menschliche Fuss? 26 und 33
23%
Womit füttert man eine "Klappmütze"? Fisch
14%
In welcher Stadt steht der älteste noch funktionierende Leuchtturm der Welt? La Coruña
14%
Welches Land besitzt den grössten Anteil an Süsswasserressourcen der Erde? Brasilien
9%
Keine übereinstimmenden Quizze gefunden
Verteilung der Resultate
Anzahl Personen mit jedem Resultat
Perzentil nach korrekt beantworteten Fragen
Ihre Resultats-Entwicklung
Sie haben dieses Quiz noch nicht gespielt